Les Villes des Clubs de Football - Statistiques

Statistiques générales
  • Ce quiz a été pris 552 fois
  • Le résultat moyen est 19 sur 26
Statistiques - réponses
Club(s) Pays Ville % Correct
Benfica / Sporting CP Portugal Lisbonne
98%
Juventus Italie Turin
94%
Ajax Pays-Bas Amsterdam
93%
Crystal Palace / West Ham / Fulham Angleterre Londres
91%
ESTAC France Troyes
89%
Panathinaikos / AEK Grèce Athènes
88%
Fiorentina Italie Florence
88%
Union / Hertha Allemagne Berlin
87%
Celtic / Rangers Écosse Glasgow
87%
CSKA / Lokomotiv / Spartak Russie Moscou
87%
Zénith Russie Saint-Pétersbourg
86%
Young Boys Suisse Berne
85%
Fenerbahçe / Besiktas / Galatasaray Turquie Istanbul
85%
Atalanta Italie Bergame
84%
Everton Angleterre Liverpool
83%
Red Star France Paris
81%
PSV Pays-Bas Eindhoven
77%
Sampdoria / Genoa Italie Gênes
77%
Getafe / Rayo Vallecano Espagne Madrid
65%
Aston Villa Angleterre Birmingham
60%
Al-Nassr / Al-Hilal Arabie Saoudite Riyad
59%
Antwerp Belgique Anvers
57%
Real Sociedad Espagne San Sebastian
55%
GOAL FC France Lyon
41%
Osasuna Espagne Pampelune
34%
Al-Ittihad / Al-Ahli Arabie Saoudite Jeddah
14%
Aucun quiz correspondant
Distribution des résultats
% des personnes avec chaque résultat
Percentile par nombre de réponses
Votre historique - résultats
Vous n’avez pas pris ce quiz